[Event "XtraCon-Skakligaen"]
[Site "Denmark"]
[Date "2012.01.14"]
[Round "4.5"]
[White "Nielsen, Lars Aaes"]
[Black "Borbjerggaard, Lars"]
[Result "1/2-1/2"]
[WhiteElo "2259"]
[BlackElo "2339"]
[PlyCount "111"]
[EventDate "2011.10.29"]
[EventType "team-tourn"]
[EventRounds "9"]
[WhiteTeam "Nordkalotten"]
[BlackTeam "Sydostfyn"]
[WhiteTeamCountry "DEN"]
[BlackTeamCountry "DEN"]

1. e4 c6 2. c4 d5 3. cxd5 cxd5 4. exd5 Nf6 5. Nc3 Nxd5 6. Bb5+ Bd7 7. Qb3 Nb6
8. Nf3 Bxb5 9. Qxb5+ Qd7 10. O-O e6 11. Ne5 Qxb5 12. Nxb5 Nd5 13. Nc4 Nd7 14.
Nbd6+ Bxd6 15. Nxd6+ Ke7 16. Nxb7 a5 17. d4 Rhb8 18. Nc5 Nxc5 19. dxc5 a4 20.
Rb1 Rb5 21. b4 axb3 22. Rxb3 Rxb3 23. axb3 Rb8 24. Bb2 f6 25. Rb1 Kd7 26. Ba3
Nc3 27. Rb2 Kc6 28. g3 Nb5 29. Bb4 Nd4 30. Bc3 Nxb3 31. Bd4 Rb5 32. Be3 e5 33.
Ra2 Ra5 34. Rb2 Nd4 35. Rb8 Ra7 36. Rc8+ Rc7 37. Re8 Kxc5 38. f4 Kc4 39. fxe5
fxe5 40. Kg2 Kd3 41. Rxe5 Rc2+ 42. Bf2 g6 43. Re7 Nf5 44. Rxh7 Ke4 45. Rf7 g5
46. Rf8 Ne3+ 47. Kh3 g4+ 48. Kh4 Nf5+ 49. Kxg4 Rxf2 50. Re8+ Kd5 51. h4 Nd6 52.
Re1 Ne4 53. h5 Ke5 54. h6 Rh2 55. Kf3 Rf2+ 56. Kg4 1/2-1/2

[Event "XtraCon-Skakligaen"]
[Site "Denmark"]
[Date "2012.01.14"]
[Round "4.6"]
[White "Nordenbaek, Jan"]
[Black "Jakobsen, Peter"]
[Result "1-0"]
[WhiteElo "2252"]
[BlackElo "2230"]
[PlyCount "87"]
[EventDate "2011.10.29"]
[EventType "team-tourn"]
[EventRounds "9"]
[WhiteTeam "Sydostfyn"]
[BlackTeam "Nordkalotten"]
[WhiteTeamCountry "DEN"]
[BlackTeamCountry "DEN"]

1. e4 e5 2. Nf3 Nc6 3. Bb5 a6 4. Bxc6 dxc6 5. O-O f6 6. d4 Bg4 7. dxe5 Qxd1 8.
Rxd1 fxe5 9. Rd3 Bd6 10. Nbd2 b5 11. b3 Ne7 12. Bb2 Ng6 13. g3 O-O 14. Kg2 Rae8
15. c4 Rd8 16. Rc1 b4 17. c5 Be7 18. Rxd8 Rxd8 19. Rc2 Bf6 20. Nc4 Bxf3+ 21.
Kxf3 Kf7 22. Ke2 Ke6 23. Bc1 Rb8 24. f4 Kf7 25. f5 Ne7 26. Bb2 h5 27. Nxe5+
Bxe5 28. Bxe5 Nxf5 29. Rc4 Re8 30. Bxc7 a5 31. Bxa5 Ra8 32. exf5 Rxa5 33. Rxb4
Rxc5 34. Rc4 Re5+ 35. Kd3 c5 36. Re4 Rd5+ 37. Kc4 Rd2 38. a4 Rc2+ 39. Kb5 Rc3
40. b4 cxb4 41. Rxb4 Kf6 42. a5 Kxf5 43. a6 Rc8 44. a7 1-0

[Event "XtraCon-Skakligaen"]
[Site "Denmark"]
[Date "2012.01.14"]
[Round "4.7"]
[White "Ejsing, Esben"]
[Black "Nielsen, Niels-Peter"]
[Result "1-0"]
[WhiteElo "2092"]
[BlackElo "2161"]
[PlyCount "105"]
[EventDate "2011.10.29"]
[EventType "team-tourn"]
[EventRounds "9"]
[WhiteTeam "Nordkalotten"]
[BlackTeam "Sydostfyn"]
[WhiteTeamCountry "DEN"]
[BlackTeamCountry "DEN"]

1. c4 Nf6 2. Nc3 c6 3. Nf3 d5 4. e3 g6 5. d4 Bg7 6. Bd3 O-O 7. O-O Bg4 8. h3
Bxf3 9. Qxf3 e6 10. b4 dxc4 11. Bxc4 Nd5 12. Nxd5 exd5 13. Bb3 Qb6 14. Bd2 Nd7
15. Rab1 Nf6 16. Rfc1 Ne4 17. Be1 a6 18. Qf4 Qd8 19. a4 Qd6 20. Qf3 Rfc8 21.
Rc2 Qd7 22. Rbc1 Nd6 23. Qf4 Bf8 24. Rd1 Qe6 25. Re2 Qd7 26. g4 Re8 27. f3 b5
28. a5 Nc4 29. e4 Bd6 30. Qg5 Qe7 31. Qxe7 Rxe7 32. e5 f6 33. Bxc4 bxc4 34. Bc3
fxe5 35. dxe5 Rb8 36. f4 Bxb4 37. Bxb4 Rxb4 38. Kf2 c3 39. Kg3 Rb2 40. Ree1
Reb7 41. f5 gxf5 42. gxf5 c2 43. Rc1 Rb1 44. Kf4 Kf8 45. e6 R7b4+ 46. Kg5 Rxc1
47. Rxc1 Rc4 48. Kf6 Rc3 49. Ke5 Re3+ 50. Kd6 Re2 51. f6 d4 52. Rg1 Rf2 53. Kd7
1-0

[Event "XtraCon-Skakligaen"]
[Site "Denmark"]
[Date "2012.01.14"]
[Round "4.1"]
[White "Borge, Nikolaj"]
[Black "Nielsen, Peter Heine"]
[Result "1/2-1/2"]
[WhiteElo "2408"]
[BlackElo "2687"]
[PlyCount "35"]
[EventDate "2011.10.29"]
[EventType "team-tourn"]
[EventRounds "9"]
[WhiteTeam "Hillerod"]
[BlackTeam "Jetsmark"]
[WhiteTeamCountry "DEN"]
[BlackTeamCountry "DEN"]

1. e4 c6 2. d3 d5 3. Nd2 g6 4. f4 Bg7 5. Ngf3 Nh6 6. h3 Qc7 7. g3 O-O 8. Bg2
Qb6 9. Qe2 Na6 10. Nb3 c5 11. c3 c4 12. Be3 cxd3 13. Qxd3 dxe4 14. Qxe4 Qc7 15.
Nfd4 f5 16. Qf3 Nf7 17. Nb5 Qb8 18. Qf2 1/2-1/2

[Event "XtraCon-Skakligaen"]
[Site "Denmark"]
[Date "2012.01.14"]
[Round "4.4"]
[White "Pedersen, Christian Kyndel"]
[Black "Andersen, Ib Hother"]
[Result "1-0"]
[WhiteElo "2416"]
[BlackElo "2183"]
[PlyCount "55"]
[EventDate "2011.10.29"]
[EventType "team-tourn"]
[EventRounds "9"]
[WhiteTeam "Jetsmark"]
[BlackTeam "Hillerod"]
[WhiteTeamCountry "DEN"]
[BlackTeamCountry "DEN"]

1. e4 e5 2. Nf3 Nc6 3. Bb5 Bc5 4. c3 Nf6 5. d3 d6 6. Nbd2 O-O 7. O-O a6 8. Ba4
Ba7 9. h3 Ne7 10. Re1 Ng6 11. Nf1 Nh5 12. d4 f6 13. Ne3 Nhf4 14. Kh2 c6 15.
Bb3+ Kh8 16. Nf5 d5 17. N3h4 dxe4 18. Bxf4 Nxf4 19. g3 Nxh3 20. Qh5 Bxf5 21.
Nxf5 Ng5 22. Nh4 Qe8 23. Qg4 Rd8 24. Kg2 exd4 25. Rxe4 h5 26. Rxe8 hxg4 27.
Ng6+ Kh7 28. Nxf8+ 1-0

[Event "XtraCon-Skakligaen"]
[Site "Denmark"]
[Date "2012.01.14"]
[Round "4.5"]
[White "Pedersen, Christopher RNH"]
[Black "Christensen, Stefan"]
[Result "1/2-1/2"]
[WhiteElo "2078"]
[BlackElo "2278"]
[PlyCount "121"]
[EventDate "2011.10.29"]
[EventType "team-tourn"]
[EventRounds "9"]
[WhiteTeam "Hillerod"]
[BlackTeam "Jetsmark"]
[WhiteTeamCountry "DEN"]
[BlackTeamCountry "DEN"]

1. e4 e6 2. d4 d5 3. Nc3 dxe4 4. Nxe4 Nd7 5. Nf3 Ngf6 6. Bd3 Nxe4 7. Bxe4 Nf6
8. Bd3 c5 9. O-O cxd4 10. Nxd4 Bd6 11. Bg5 O-O 12. Re1 h6 13. Bh4 Re8 14. Nb5
Bc5 15. Qf3 Be7 16. Bg3 Rf8 17. Rad1 Qb6 18. Nc7 Rb8 19. Bb5 a6 20. Ba4 Qxb2
21. Bb3 b5 22. Be5 Qa3 23. Bxf6 Bxf6 24. Nxe6 Bxe6 25. Rxe6 Qc5 26. Rxf6 gxf6
27. Rd5 Qe7 28. h4 Rfe8 29. Qg4+ Kf8 30. Qf4 Qe1+ 31. Kh2 Rb6 32. Qxh6+ Ke7 33.
Qf4 Re6 34. Rf5 Rc6 35. Qf3 Rec8 36. Rf4 Qc3 37. Qh5 Rf8 38. Re4+ Kd6 39. Qd5+
Kc7 40. a4 Qc5 41. axb5 axb5 42. Qxc5 Rxc5 43. Re7+ Kd6 44. Ra7 Rc7 45. Rxc7
Kxc7 46. g4 Kd6 47. Kg3 Ke5 48. f3 Rc8 49. h5 Rf8 50. c3 Kd6 51. f4 Ke7 52. h6
Rh8 53. g5 fxg5 54. fxg5 f6 55. Kf4 fxg5+ 56. Kxg5 Kd6 57. Kg6 Ke5 58. Bc2 Kd5
59. Bd3 Kc5 60. Kg7 Rxh6 61. Kxh6 1/2-1/2

[Event "XtraCon-Skakligaen"]
[Site "Denmark"]
[Date "2012.01.14"]
[Round "4.6"]
[White "Wiwe, Andreas"]
[Black "Erlandsen, Carsten"]
[Result "0-1"]
[WhiteElo "2273"]
[BlackElo "2105"]
[PlyCount "64"]
[EventDate "2011.10.29"]
[EventType "team-tourn"]
[EventRounds "9"]
[WhiteTeam "Jetsmark"]
[BlackTeam "Hillerod"]
[WhiteTeamCountry "DEN"]
[BlackTeamCountry "DEN"]

1. e4 c5 2. Nf3 d6 3. d4 cxd4 4. Nxd4 Nf6 5. Nc3 a6 6. Bg5 e6 7. f4 Nbd7 8. Qf3
Qc7 9. O-O-O Be7 10. g4 O-O 11. Bh4 Nc5 12. g5 Nfd7 13. f5 Ne5 14. Qg2 Re8 15.
f6 Bf8 16. Bf2 b5 17. Kb1 Bb7 18. Bd3 Rac8 19. fxg7 Bxg7 20. Bxb5 axb5 21.
Ndxb5 Qa5 22. Nxd6 Bc6 23. Nxe8 Rxe8 24. Bd4 Ra8 25. Rhe1 Na4 26. Nxa4 Qxa4 27.
a3 Rb8 28. Qg3 Rb5 29. Qh3 Nc4 30. Kc1 Rxb2 31. Qc3 Qb5 32. Qxc4 Rb1+ 0-1

[Event "XtraCon-Skakligaen"]
[Site "Denmark"]
[Date "2012.01.14"]
[Round "4.7"]
[White "Nilsson, Lars Kjoller"]
[Black "Rathlev, Jakob"]
[Result "1-0"]
[WhiteElo "2036"]
[BlackElo "2251"]
[PlyCount "65"]
[EventDate "2011.10.29"]
[EventType "team-tourn"]
[EventRounds "9"]
[WhiteTeam "Hillerod"]
[BlackTeam "Jetsmark"]
[WhiteTeamCountry "DEN"]
[BlackTeamCountry "DEN"]

1. e4 c5 2. Nf3 e6 3. Be2 Nc6 4. O-O Nf6 5. Nc3 d5 6. exd5 Nxd5 7. Ne4 Be7 8.
d3 O-O 9. c3 f5 10. Ng3 e5 11. Re1 Be6 12. Bf1 f4 13. Ne4 Bg4 14. Be2 Bf5 15.
Qb3 Na5 16. Qa4 Nc6 17. Qb3 Na5 18. Qa4 Nc6 19. Qb3 b6 20. Bd2 Kh8 21. Rad1 Rc8
22. Bc1 Qd7 23. Bf1 h6 24. d4 c4 25. Bxc4 Na5 26. Bb5 Qe6 27. Qa4 Ne3 28. fxe3
Bxe4 29. Nxe5 f3 30. gxf3 Rxf3 31. Bd3 Bb7 32. Qd7 Qf6 33. Qxe7 1-0

[Event "XtraCon-Skakligaen"]
[Site "Denmark"]
[Date "2012.01.14"]
[Round "4.8"]
[White "Helledie, Anders"]
[Black "Svendsen, Peter"]
[Result "1-0"]
[WhiteElo "2223"]
[BlackElo "1984"]
[PlyCount "57"]
[EventDate "2011.10.29"]
[EventType "team-tourn"]
[EventRounds "9"]
[WhiteTeam "Jetsmark"]
[BlackTeam "Hillerod"]
[WhiteTeamCountry "DEN"]
[BlackTeamCountry "DEN"]

1. e4 e5 2. Bc4 Nf6 3. d3 Be7 4. Nc3 O-O 5. f4 d6 6. Nf3 Nc6 7. f5 Nd4 8. Be3
c5 9. O-O a6 10. a4 b6 11. Bg5 Bb7 12. Bxf6 Bxf6 13. Bd5 Qd7 14. Bxb7 Qxb7 15.
Nd5 Kh8 16. g4 b5 17. axb5 axb5 18. Rxa8 Rxa8 19. Qd2 Bd8 20. g5 Nxf5 21. Nxe5
dxe5 22. Rxf5 f6 23. Qf2 g6 24. Rxe5 f5 25. Qg3 Bb6 26. Re7 c4+ 27. Kg2 Qb8 28.
Qxb8+ Rxb8 29. Nf6 1-0

[Event "XtraCon-Skakligaen"]
[Site "Denmark"]
[Date "2012.01.15"]
[Round "5.1"]
[White "Matthiesen, Arne"]
[Black "Borge, Nikolaj"]
[Result "1-0"]
[WhiteElo "2316"]
[BlackElo "2408"]
[PlyCount "73"]
[EventDate "2011.10.29"]
[EventType "team-tourn"]
[EventRounds "9"]
[WhiteTeam "SK1968"]
[BlackTeam "Hillerod"]
[WhiteTeamCountry "DEN"]
[BlackTeamCountry "DEN"]

1. d4 d6 2. c4 e5 3. Nf3 e4 4. Ng5 f5 5. g3 h6 6. Nh3 g5 7. Nc3 Bg7 8. f3 exf3
9. exf3 Nc6 10. d5 Nd4 11. Be3 Qf6 12. Bg2 Ne7 13. f4 g4 14. Nf2 Bd7 15. Qd2 c5
16. dxc6 Bxc6 17. Bxd4 Qxd4 18. Bxc6+ bxc6 19. Qe2 Rb8 20. O-O Rb7 21. Rad1 Qb6
22. Qe6 d5 23. Rfe1 Bd4 24. Rd2 Rd7 25. cxd5 cxd5 26. Qxf5 Be3 27. Qh5+ Kd8 28.
Rde2 d4 29. Ncd1 Nd5 30. Nxe3 Nxe3 31. Nxg4 Nxg4 32. Qxg4 d3+ 33. Rf2 d2 34.
Rd1 Re8 35. Kg2 Qd4 36. Qxd7+ Kxd7 37. Rdxd2 1-0

[Event "XtraCon-Skakligaen"]
[Site "Denmark"]
[Date "2012.01.15"]
[Round "5.2"]
[White "Jaksland, Tim"]
[Black "Rewitz, Poul"]
[Result "1-0"]
[WhiteElo "2306"]
[BlackElo "2298"]
[PlyCount "81"]
[EventDate "2011.10.29"]
[EventType "team-tourn"]
[EventRounds "9"]
[WhiteTeam "Hillerod"]
[BlackTeam "SK1968"]
[WhiteTeamCountry "DEN"]
[BlackTeamCountry "DEN"]

1. e4 g6 2. Nc3 Bg7 3. g3 c6 4. Bg2 Na6 5. Nge2 Nc7 6. d4 d5 7. exd5 cxd5 8.
Bf4 e6 9. Qd2 Ne7 10. O-O O-O 11. a4 Nf5 12. Rfd1 Bd7 13. Bh3 Bc6 14. Bxf5 gxf5
15. Bh6 Bxh6 16. Qxh6 Kh8 17. Nf4 Rg8 18. Re1 Ne8 19. Nd3 Rg7 20. Ne2 Nf6 21.
Qe3 Ne4 22. f3 Nd6 23. b3 Qc7 24. Nef4 Ne8 25. Qe5 Qxe5 26. Nxe5 Nf6 27. Re3 h5
28. Rc3 h4 29. Kf2 Rh7 30. gxh4 Rg8 31. Rg1 Rxg1 32. Kxg1 Rxh4 33. Nfg6+ fxg6
34. Nxg6+ Kg7 35. Nxh4 Nh5 36. Kf2 Kf6 37. Re3 Nf4 38. Re1 b5 39. axb5 Bxb5 40.
Ke3 Nh3 41. f4 1-0

[Event "XtraCon-Skakligaen"]
[Site "Denmark"]
[Date "2012.01.15"]
[Round "5.3"]
[White "Matthiesen, Martin"]
[Black "Ostergaard, Jens"]
[Result "1/2-1/2"]
[WhiteElo "2277"]
[BlackElo "2260"]
[PlyCount "80"]
[EventDate "2011.10.29"]
[EventType "team-tourn"]
[EventRounds "9"]
[WhiteTeam "SK1968"]
[BlackTeam "Hillerod"]
[WhiteTeamCountry "DEN"]
[BlackTeamCountry "DEN"]

1. d4 Nf6 2. c4 e6 3. Nf3 b6 4. g3 Bb7 5. Bg2 Be7 6. O-O O-O 7. Nc3 Ne4 8. Nxe4
Bxe4 9. Nh4 Bxg2 10. Nxg2 d5 11. Qa4 Bf6 12. cxd5 exd5 13. Be3 c6 14. Ne1 Qd7
15. Nd3 Qb7 16. Rac1 Rc8 17. Rc2 a5 18. Rfc1 Be7 19. Ne5 b5 20. Qb3 a4 21. Qxd5
cxd5 22. Rxc8+ Bf8 23. R1c7 Qa6 24. Rd8 Nc6 25. Rxc6 Qa5 26. Rxa8 Qxa8 27. Rb6
f6 28. Nd3 Qe8 29. Nf4 Qe4 30. Rxb5 Qb1+ 31. Kg2 a3 32. Rb8 Qxb2 33. Ra8 Qc2
34. h4 h5 35. Kh2 Qxa2 36. Bc1 Kf7 37. Ra7+ Ke8 38. Ra8+ Kf7 39. Ra7+ Ke8 40.
Ra8+ Kf7 1/2-1/2

[Event "XtraCon-Skakligaen"]
[Site "Denmark"]
[Date "2012.01.15"]
[Round "5.4"]
[White "Andersen, Ib Hother"]
[Black "Hansen, Lars"]
[Result "0-1"]
[WhiteElo "2183"]
[BlackElo "2245"]
[PlyCount "98"]
[EventDate "2011.10.29"]
[EventType "team-tourn"]
[EventRounds "9"]
[WhiteTeam "Hillerod"]
[BlackTeam "SK1968"]
[WhiteTeamCountry "DEN"]
[BlackTeamCountry "DEN"]

1. e4 g6 2. d4 Bg7 3. Nc3 c6 4. f4 d5 5. e5 Nh6 6. Nf3 f6 7. Be3 O-O 8. Qd2 Bg4
9. Be2 Nd7 10. h3 Bxf3 11. Bxf3 Nf5 12. Bf2 Bh6 13. exf6 e5 14. dxe5 Nxe5 15.
Be2 Qc7 16. O-O Rxf6 17. g4 Nd6 18. g5 Bxg5 19. Nxd5 cxd5 20. Qxd5+ Qf7 21.
Qxf7+ Nexf7 22. fxg5 Nxg5 23. Bh4 Rxf1+ 24. Rxf1 Re8 25. Bg4 Nge4 26. Rd1 Kg7
27. b3 h5 28. Bf3 g5 29. Be1 Kg6 30. c4 b6 31. Rd5 Nf6 32. Rd1 Nf5 33. Bb4 g4
34. hxg4 hxg4 35. Bc6 Re3 36. Re1 Rg3+ 37. Kf2 Rh3 38. Rg1 g3+ 39. Ke1 Nd4 40.
Bg2 Rh2 41. Bc3 Nf5 42. Bd2 Kh5 43. b4 Nh4 44. Kf1 Kg4 45. Be1 Nh5 46. c5 Nxg2
47. Rxg2 Kf3 48. cxb6 Rh1+ 49. Rg1 g2# 0-1

[Event "XtraCon-Skakligaen"]
[Site "Denmark"]
[Date "2012.01.15"]
[Round "5.6"]
[White "Erlandsen, Carsten"]
[Black "Hansen, Bjarne"]
[Result "0-1"]
[WhiteElo "2105"]
[BlackElo "2235"]
[PlyCount "68"]
[EventDate "2011.10.29"]
[EventType "team-tourn"]
[EventRounds "9"]
[WhiteTeam "Hillerod"]
[BlackTeam "SK1968"]
[WhiteTeamCountry "DEN"]
[BlackTeamCountry "DEN"]

1. d4 Nf6 2. c4 c5 3. d5 b5 4. cxb5 a6 5. bxa6 g6 6. g3 d6 7. Bg2 Bg7 8. Nh3
Bxh3 9. Bxh3 O-O 10. O-O Rxa6 11. Nc3 Nbd7 12. Qc2 Nb6 13. Rd1 Qa8 14. Bg2 Na4
15. Nxa4 Rxa4 16. b3 Ra6 17. a4 Nd7 18. Ra3 Nb6 19. Bb2 Bxb2 20. Qxb2 Qb7 21.
Qc2 Rb8 22. e4 Nd7 23. Bf1 Ra5 24. Bb5 Ne5 25. Qc3 Qb6 26. Kg2 Rba8 27. Raa1 f6
28. Rac1 Kg7 29. b4 cxb4 30. Qxb4 Rxa4 31. Qxa4 Rxa4 32. Bxa4 Ng4 33. Rf1 Qb4
34. Bd1 Ne3+ 0-1

[Event "XtraCon-Skakligaen"]
[Site "Denmark"]
[Date "2012.01.15"]
[Round "5.7"]
[White "Sorensen, Torben Kyhl"]
[Black "Nilsson, Lars Kjoller"]
[Result "1-0"]
[WhiteElo "2237"]
[BlackElo "2036"]
[PlyCount "67"]
[EventDate "2011.10.29"]
[EventType "team-tourn"]
[EventRounds "9"]
[WhiteTeam "SK1968"]
[BlackTeam "Hillerod"]
[WhiteTeamCountry "DEN"]
[BlackTeamCountry "DEN"]

1. e4 c5 2. c3 d5 3. exd5 Qxd5 4. d4 Nf6 5. Nf3 Bg4 6. Be2 e6 7. h3 Bh5 8. O-O
Be7 9. Be3 cxd4 10. cxd4 O-O 11. Nc3 Qa5 12. a3 Nd5 13. Bd2 Nd7 14. Na4 Qd8 15.
Qb3 Rb8 16. Rac1 Bd6 17. g3 Qe7 18. Nc3 Nxc3 19. bxc3 Nf6 20. c4 b6 21. Bb4 Ne4
22. Qe3 Bxb4 23. axb4 Nf6 24. Ne5 Bxe2 25. Qxe2 Qd6 26. b5 Ra8 27. Nc6 Rfc8 28.
Qe5 Qd7 29. d5 Kf8 30. d6 a5 31. c5 Nd5 32. cxb6 Nxb6 33. Qc5 Qb7 34. d7+ 1-0

[Event "XtraCon-Skakligaen"]
[Site "Denmark"]
[Date "2012.01.15"]
[Round "5.8"]
[White "Svendsen, Peter"]
[Black "Christensen, Janus"]
[Result "1/2-1/2"]
[WhiteElo "1984"]
[BlackElo "2162"]
[PlyCount "139"]
[EventDate "2011.10.29"]
[EventType "team-tourn"]
[EventRounds "9"]
[WhiteTeam "Hillerod"]
[BlackTeam "SK1968"]
[WhiteTeamCountry "DEN"]
[BlackTeamCountry "DEN"]

1. d4 Nf6 2. c4 g6 3. Nc3 d5 4. Nf3 Bg7 5. g3 Nc6 6. Bg2 O-O 7. cxd5 Nxd5 8.
O-O Nb6 9. Bf4 Nxd4 10. Nxd4 Bxd4 11. Nb5 Bxb2 12. Nxc7 e5 13. Qxd8 Rxd8 14.
Bg5 f6 15. Bxf6 Rd6 16. Nxa8 Bxa1 17. Be7 Rd7 18. Nxb6 axb6 19. Rxa1 Rxe7 20.
Rb1 Rc7 21. Bd5+ Kf8 22. Rxb6 Rc2 23. Bxb7 Bh3 24. Rb1 Rxa2 25. e3 h5 26. Bg2
Be6 27. h4 Ke7 28. Bf1 Bf5 29. Rd1 Bg4 30. Rc1 Rd2 31. Bg2 Bd7 32. Be4 Kf6 33.
Kg2 Rd6 34. Rc5 Ba4 35. Ra5 Bb3 36. Rb5 Bf7 37. Rc5 Be8 38. Rd5 Rb6 39. Rd8 Ke7
40. Ra8 Rb4 41. Ra7+ Kf6 42. Ra6+ Kg7 43. Kf3 Bf7 44. Rd6 Rb5 45. Bc6 Rb6 46.
Ke4 Rb2 47. Kxe5 Rxf2 48. Rd3 Bc4 49. Rd7+ Kf8 50. Rd4 Bf7 51. Rf4 Re2 52. e4
Ke7 53. Rf3 Be6 54. Ra3 Bf7 55. Ra7+ Kf8 56. Kd6 Re3 57. e5 Rd3+ 58. Kc5 Rxg3
59. Bd5 Be8 60. Kd6 g5 61. Rh7 Bg6 62. Rh8+ Kg7 63. Rg8+ Kh7 64. hxg5 Be4 65.
g6+ Rxg6+ 66. Rxg6 Bxg6 67. Ke7 Kg7 68. e6 Bf5 69. Bc6 h4 70. Bg2 1/2-1/2

[Event "XtraCon-Skakligaen"]
[Site "Denmark"]
[Date "2012.01.15"]
[Round "5.1"]
[White "Brunello, Sabino"]
[Black "Sorensen, Jan"]
[Result "1-0"]
[WhiteElo "2569"]
[BlackElo "2426"]
[PlyCount "83"]
[EventDate "2011.10.29"]
[EventType "team-tourn"]
[EventRounds "9"]
[WhiteTeam "Sydostfyn"]
[BlackTeam "Aarhus/Skolerne"]
[WhiteTeamCountry "DEN"]
[BlackTeamCountry "DEN"]

1. d4 Nf6 2. c4 e6 3. Nf3 c5 4. d5 b5 5. e4 Nxe4 6. Bd3 Nf6 7. dxe6 fxe6 8.
cxb5 a6 9. Nc3 Be7 10. O-O Bb7 11. Bg5 axb5 12. Nxb5 O-O 13. Re1 Nc6 14. a4 Nb4
15. Bb1 Ra6 16. Ne5 d6 17. Nd3 Nxd3 18. Qxd3 d5 19. Bxf6 Bxf6 20. Qxh7+ Kf7 21.
Ra2 Qb8 22. b3 Rh8 23. Qg6+ Ke7 24. h3 Rh6 25. Qc2 Rc6 26. Qd1 Kf7 27. Rae2 Qf4
28. Re3 Qb8 29. Bd3 Qd8 30. Be2 e5 31. Rd3 Rb6 32. Bf3 d4 33. Bxb7 Rxb7 34. Qf3
Re7 35. Re2 Rh4 36. Nc3 Rf4 37. Qd5+ Ke8 38. Qxd8+ Kxd8 39. Nd5 e4 40. Rd1 Rh4
41. Nxe7 Kxe7 42. Rde1 1-0

[Event "XtraCon-Skakligaen"]
[Site "Denmark"]
[Date "2012.01.15"]
[Round "5.2"]
[White "Skytte, Rasmus"]
[Black "Schandorff, Lars"]
[Result "1/2-1/2"]
[WhiteElo "2388"]
[BlackElo "2494"]
[PlyCount "43"]
[EventDate "2011.10.29"]
[EventType "team-tourn"]
[EventRounds "9"]
[WhiteTeam "Aarhus/Skolerne"]
[BlackTeam "Sydostfyn"]
[WhiteTeamCountry "DEN"]
[BlackTeamCountry "DEN"]

1. e4 e5 2. Bc4 Nf6 3. d3 Nc6 4. Nf3 Bc5 5. c3 O-O 6. Bb3 d5 7. Qe2 h6 8. Nbd2
Re8 9. h3 Be6 10. Ba4 Bd7 11. Bc2 Bf8 12. Nf1 a5 13. g4 a4 14. a3 g6 15. Ng3
dxe4 16. dxe4 Nh7 17. Be3 Be6 18. Nd2 f6 19. h4 Qd7 20. f3 Na5 21. h5 g5 22.
O-O 1/2-1/2

[Event "XtraCon-Skakligaen"]
[Site "Denmark"]
[Date "2012.01.15"]
[Round "5.3"]
[White "Aagaard, Jacob"]
[Black "Christensen, Tobias"]
[Result "1/2-1/2"]
[WhiteElo "2522"]
[BlackElo "2346"]
[PlyCount "131"]
[EventDate "2011.10.29"]
[EventType "team-tourn"]
[EventRounds "9"]
[WhiteTeam "Sydostfyn"]
[BlackTeam "Aarhus/Skolerne"]
[WhiteTeamCountry "DEN"]
[BlackTeamCountry "DEN"]

1. e4 e5 2. Nf3 Nc6 3. Bb5 Nf6 4. d3 Bc5 5. c3 Qe7 6. O-O a6 7. Bxc6 dxc6 8.
Nxe5 Qxe5 9. d4 Qe7 10. dxc5 O-O 11. Bg5 Qxe4 12. Bxf6 gxf6 13. Re1 Qg4 14. Qc1
Bf5 15. Re3 Bg6 16. Nd2 Rfe8 17. Nb3 Qg5 18. Rxe8+ Rxe8 19. Qxg5 fxg5 20. Na5
Re2 21. b3 Rc2 22. Nxb7 Rxc3 23. f3 Rc2 24. b4 g4 25. Re1 gxf3 26. gxf3 Rxa2
27. Na5 Bf5 28. f4 Bd7 29. Rd1 Bg4 30. Rd8+ Kg7 31. Nxc6 Rb2 32. h4 h5 33. Rd5
Kf6 34. Nb8 Rb1+ 35. Kh2 a5 36. Na6 Bf3 37. Re5 a4 38. Nxc7 Rxb4 39. Ne8+ Kg6
40. Rg5+ Kh6 41. Nf6 Rxf4 42. Ng8+ Kh7 43. Kg3 f6 44. Kxf4 fxg5+ 45. Kxf3 a3
46. c6 a2 47. c7 a1=Q 48. c8=Q Qf1+ 49. Kg3 Qg1+ 50. Kf3 g4+ 51. Ke4 Qg2+ 52.
Ke5 Qg3+ 53. Ke6 Qb3+ 54. Kf6 Qf3+ 55. Ke5 Qe3+ 56. Kf5 Qf3+ 57. Ke5 Qe3+ 58.
Kf5 Qf3+ 59. Ke5 Kg7 60. Qd8 Qe3+ 61. Kf5 Qc5+ 62. Kf4 Qc4+ 63. Kg5 Qc5+ 64.
Kf4 Qc4+ 65. Kg5 Qc5+ 66. Kf4 1/2-1/2

[Event "XtraCon-Skakligaen"]
[Site "Denmark"]
[Date "2012.01.15"]
[Round "5.4"]
[White "Ochsner, Bjorn Moller"]
[Black "Pedersen, Steffen"]
[Result "1-0"]
[WhiteElo "2252"]
[BlackElo "2431"]
[PlyCount "134"]
[EventDate "2011.10.29"]
[EventType "team-tourn"]
[EventRounds "9"]
[WhiteTeam "Aarhus/Skolerne"]
[BlackTeam "Sydostfyn"]
[WhiteTeamCountry "DEN"]
[BlackTeamCountry "DEN"]

1. e4 e5 2. Nf3 Nc6 3. Bb5 a6 4. Ba4 Nge7 5. O-O g6 6. c3 Bg7 7. d4 exd4 8.
cxd4 b5 9. Bb3 O-O 10. Nc3 Na5 11. Bc2 d6 12. d5 c6 13. dxc6 Naxc6 14. Bf4 Ne5
15. Nxe5 dxe5 16. Qxd8 Rxd8 17. Bg5 Re8 18. Bb3 Nc6 19. Nd5 Ra7 20. Rac1 Bd7
21. Rfd1 h6 22. Be3 Nd4 23. Rc7 Rea8 24. Bxh6 Bg4 25. Re1 Rxc7 26. Nxc7 Ra7 27.
Bxg7 Kxg7 28. Nd5 Be6 29. f3 Rd7 30. Rd1 a5 31. Ne3 Nxb3 32. Rxd7 Bxd7 33. axb3
Be6 34. b4 axb4 35. h4 f5 36. exf5 gxf5 37. Kf2 f4 38. Nf1 Kg6 39. Nd2 Bd5 40.
g4 fxg3+ 41. Kxg3 Kf5 42. Nf1 Bf7 43. Ne3+ Kf6 44. Ng4+ Ke6 45. Kf2 Bh5 46. Ke3
Kf5 47. Nf2 Bf7 48. Nd3 b3 49. Nf2 Bd5 50. Ng4 Bb7 51. h5 Bd5 52. h6 Bg8 53.
Nf2 Bh7 54. Nd3 Bg6 55. Nc5 Kg5 56. Nd7 Kxh6 57. Nxe5 Bh5 58. Ke4 Kg5 59. Nc6
Kf6 60. Nd4 Bg6+ 61. Kf4 b4 62. Nc6 Bf7 63. Nxb4 Bg6 64. Nd5+ Ke6 65. Nc3 Bc2
66. Ne4 Kd5 67. Ke3 Bb1 1-0

[Event "XtraCon-Skakligaen"]
[Site "Denmark"]
[Date "2012.01.15"]
[Round "5.6"]
[White "Pedersen, Finn"]
[Black "Nordenbaek, Jan"]
[Result "0-1"]
[WhiteElo "2285"]
[BlackElo "2252"]
[PlyCount "106"]
[EventDate "2011.10.29"]
[EventType "team-tourn"]
[EventRounds "9"]
[WhiteTeam "Aarhus/Skolerne"]
[BlackTeam "Sydostfyn"]
[WhiteTeamCountry "DEN"]
[BlackTeamCountry "DEN"]

1. Nf3 Nf6 2. g3 b5 3. a4 b4 4. Bg2 Bb7 5. c4 c5 6. O-O g6 7. b3 Bg7 8. Bb2 O-O
9. d3 d6 10. Nbd2 e5 11. e4 Nc6 12. Nh4 Nh5 13. Nf5 Bf6 14. Ne3 Bg5 15. Nd5 Ne7
16. Nf3 Bh6 17. Bc1 Bg7 18. Bg5 f6 19. Bd2 Nxd5 20. cxd5 Bc8 21. Nh4 Qe8 22. d4
cxd4 23. Bxb4 Qd8 24. Rc1 Rf7 25. Qd2 a5 26. Ba3 Rb7 27. Rb1 Bf8 28. Rfc1 Bd7
29. Bf1 Rab8 30. Qd1 Ng7 31. Bc4 Kh8 32. Qd3 Be7 33. f3 f5 34. Ng2 Rb6 35. Rf1
Ne8 36. Rbe1 Nf6 37. Bc1 Ra8 38. Bd2 Qc7 39. Rc1 Qa7 40. Ne1 Rf8 41. Nc2 fxe4
42. fxe4 Bh3 43. Rf3 Ng4 44. Rxf8+ Bxf8 45. Qf3 Rb8 46. Bf1 d3+ 47. Ne3 Bh6 48.
Re1 Rf8 49. Qxf8+ Bxf8 50. Bxh3 Nxe3 51. Rxe3 Bh6 52. Kf2 Qd4 53. Kf3 Qb2 0-1

[Event "XtraCon-Skakligaen"]
[Site "Denmark"]
[Date "2012.01.15"]
[Round "5.7"]
[White "Nielsen, Niels-Peter"]
[Black "Jacobsen, Bo"]
[Result "0-1"]
[WhiteElo "2161"]
[BlackElo "2317"]
[PlyCount "58"]
[EventDate "2011.10.29"]
[EventType "team-tourn"]
[EventRounds "9"]
[WhiteTeam "Sydostfyn"]
[BlackTeam "Aarhus/Skolerne"]
[WhiteTeamCountry "DEN"]
[BlackTeamCountry "DEN"]

1. d4 g6 2. c4 Bg7 3. Nf3 Nf6 4. Nc3 O-O 5. g3 d6 6. Bg2 Nc6 7. O-O Bf5 8. Nh4
Bd7 9. e4 e5 10. d5 Nd4 11. Ne2 Re8 12. Qd3 c6 13. Nxd4 exd4 14. f4 Qb6 15. e5
dxe5 16. fxe5 Ng4 17. Nf3 cxd5 18. Qxd4 Qxd4+ 19. Nxd4 dxc4 20. Bd5 Rxe5 21.
Bxf7+ Kh8 22. Nf3 Rc5 23. Rd1 Bf5 24. Rd5 Rc7 25. Ng5 h6 26. Bf4 Re7 27. Bd6
Re2 28. Nf3 Be4 29. Ne5 Rg2+ 0-1